000 03684cgm a2200781Ka 4500
001 ocn226245933
003 OCoLC
005 20241220122248.0
008 080424s2008 cau093 g vleng d
007 vd cvaizq
040 _aTEFMT
_cTEFMT
_dTEF
_dUINTA
024 1 _a024543511922
028 4 2 _a2251192
_b20th Century Fox Home Entertainment
035 _a(OCoLC)226245933
037 _bMidwest Tape
_nhttp://www.midwesttapes.com
041 1 _aeng
_beng
_bspa
_heng
043 _an-us---
050 1 4 _aPN1995.9.C55
_bB666485554 2008
082 0 4 _a791.43/72
_222
049 _aUCLB
092 _a791.437
245 0 0 _aBonneville
_h[videorecording] /
_cSenArt Films in association with Drop of Water Productions ; produced by John Kilker, Robert May ; written by Daniel D. Davis ; directed by Christopher N. Rowley.
260 _aBeverly Hills, Calif. :
_b20th Century Fox Home Enterrtainment,
_c[2008]
300 _a1 videodisc (93 min.) :
_bsd., col. ;
_c4 3/4 in.
538 _aDVD, region 1, widescreen (2.35:1) presentation; Dolby Digital.
546 _aEnglish dialogue, English or Spanish subtitles; closed-captioned.
500 _aTitle from container.
511 1 _aJessica Lange, Kathy Bates, Joan Allen, Tom Skerritt, Christine Baranski, Victor Rasuk, Tom Amandes, Tom Wopat.
508 _aDirector of photography, Jeffrey L. Kimball ; editors, Anita Brandt-Burgoyne, Lisa Fruchtman ; music, Jeff Cardoni ; costume designer, Sue Gandy ; production designer, Christopher R. DeMuri.
500 _aOriginally released as a motion picture in 2006.
521 8 _aMPAA rating: PG; for some mild language and innuendo.
520 _aFaced with the decision of a lifetime, Arvilla Holden hijacks her two best friends and sets off in a vintage '66 Bonneville convertible across the great American West to deliver her husband's ashes to her step-daughter. What begins as a simple road trip for the trio, will end up becoming a chance to rediscover themselves, their friendship, the importance of promises and always living life to the fullest.
650 0 _aWidows
_zUnited States
_vDrama.
_96506235
650 0 _aFriendship
_zUnited States
_vDrama.
_95673648
650 0 _aBonneville automobile
_vDrama.
_96509105
650 7 _aMujeres
_zEstados Unidos
_vTeatro.
_2bidex
_95778838
650 7 _aAmistad
_zEstados Unidos
_vTeatro.
_2bidex
_95718748
650 8 _aWidows
_zUnited States
_vDrama.
_96506235
650 8 _aFriendship
_zUnited States
_vDrama.
_95673648
650 8 _aBonneville automobile
_vDrama.
_96509105
655 0 _aFeature films.
_96185137
655 0 _aComedy films.
_96185138
655 0 _aRoad films.
_95748334
655 0 _aVideo recordings for the hearing impaired.
_96185139
655 7 _aComedy
_vFeature.
_2migfg
_95696136
655 7 _aRoad
_vFeature.
_2migfg
_96505983
655 7 _aWomen
_vFeature.
_2migfg
_95755059
655 7 _aFeature films.
_2gsafd
_96185137
655 7 _aComedy films.
_2gsafd
_96185138
700 1 _aKilker, John.
_96185141
700 1 _aMay, Robert.
_96185142
700 1 _aDavis, Daniel D.
_96185143
700 1 _aRowley, Christopher.
_969893
700 1 _aLange, Jessica.
_925687
700 1 _aBates, Kathy,
_d1948-
_937761
700 1 _aAllen, Joan,
_d1956-
_944125
700 1 _aSkerritt, Tom.
_934935
700 1 _aBaranski, Christine.
_961135
700 1 _aRasuk, Victor,
_d1984-
_970929
700 1 _aAmandes, Tom.
_944187
700 1 _aWopat, Tom.
_937684
710 2 _aSenArt Films (Firm)
_96185144
710 2 _aDrop of Water Productions (Firm)
_96185145
710 2 _aTwentieth Century Fox Home Entertainment, Inc.
_961951
942 _cDVD
_096
994 _aC0
_bUINTA
998 _aa117023
999 _c55342
_d55342